• 首页
  • 本馆介绍
  • 公告通知
  • 最新文献
  • 馆藏检索
  • 电子资源
  • 读者导购
  • 参考咨询
  • 我的图书馆
  • 登录
  • 详细信息显示
  • 放入我的书架
  • 预约/预借图书
  • 作者相关作品
  • 分类相关作品
  • 丛书相关作品
  • 出版社相关作品

书目信息

  • 表格格式
  • 工作单格式
  • 卡片格式
题名:
中学天文知识
    
 
作者: 杨正宗 编
分册:  
出版信息: 北京   人民教育出版社  1985
页数: 222页
开本: 19cm
丛书名:
单 册:
中图分类: P1-49
科图分类:
主题词: 天文学--中学--课外读物
电子资源:
ISBN:
000 00604nam0 2200229 45
001 0185009727
005 20060810151935.25
010    @dCNY1.08
091    @a7012.0993
100    @a19900904d1985 em y0chiy0121 ea
101 0  @achi
102    @aCN@b110000
105    @af z 000yy
200 10 @a中学天文知识@Azhong xue tian wen zhi shi@f杨正宗编
210    @a北京@c人民教育出版社@d1985
215    @a222页@c照片@d19cm
606    @a天文学@x中学@x课外读物
690    @aP1-49@v3
701  0 @a杨正宗@Ayang zheng zong@4编
801  2 @aCN@bNLC@c20060810
801  0 @aCN@bTSSF
905    @a10447@dP1-49@e110
    
    中学天文知识/杨正宗编.-北京:人民教育出版社,1985
    222页:照片;19cm
    
    
    ISBN :CNY1.08
    
●
相关链接 在E读中查询图书 在五车中查询图书 在当当中查询图书 在豆瓣中查询图书


正题名:中学天文知识     索取号:P1-49/110         预约/预借

序号 登录号 条形码 馆藏地/架位号 状态 备注
1 0452172   204521721   密集书库/ [索取号:P1-49/110] 在馆    
唐山师范学院图书馆 欢迎您!
大连网信软件有限公司© 版权所有